000 00764nam a2200193 a 4500
001 000041268
005 20201002034736.0
008 130927s2002 sp 000 0 spa d
020 _a8400080491
040 _aDO-SdBNP
_bspa
_cBNPHU
245 0 0 _aDemonio, Religión y Sociedad entre España y América /
_ccoordinador Fermin del Pino Díaz.
260 _aMadrid :
_bConsejo Superior de Investigaciones Científicas,
_c2002.
300 _a389 p. ;
_c25 cm.
490 1 _aBiblioteca de diactología y tradiciones populares
_v35
504 _aBibliografía : p. 387-389
700 1 _aPino Díaz, Fermin del
_ecoor.
_941144
710 2 _aConsejo Superior de Investigaciones Científicas
_94786
830 0 _aBiblioteca de diactología y tradiciones populares
_v35
_967878
999 _c40758
_d40758